Intermediate Algebra

Bibliographic Details
Main Author: Dugopolski, Mark
Format: Section = Libro
Language:Undetermined
Spanish
Published: Boston McGraw-Hill 2004
Edition:4a.ed.
Subjects:
LEADER 00553nam a2200229Ia 4500
008 240829s9999 xx 000 0 und d
020 |a 0-07-244393-6 
040 |a BIBLIOTECA-RUSB/ 512.9 D867 
041 |a spa 
082 |a 512.9 D867 
100 1 |a Dugopolski, Mark 
245 1 0 |a Intermediate Algebra 
250 |a 4a.ed. 
260 |a Boston  |b McGraw-Hill  |c 2004 
300 |a 796 p. :il. 
650 7 |a ALGEBRA 
650 7 |b  ECUACIONES 
650 7 |c  DESIGUALDADES MATEMATICAS 
650 7 |d  POLINOMIOS 
942 |c BK  |2 ddc 
991 |a TEXTO 
999 |c 1493